[Event "Marienbad 2016 - MI - B2"]
[Site "Marianske Lazne CZE"]
[Date "2016.01.17"]
[Round "2.4"]
[White "Burnett, Andrew"]
[Black "Gaehwiler, Gabriel"]
[Result "0-1"]
[WhiteElo "2210"]
[BlackElo "2297"]
[PlyCount "94"]
[EventDate "2016.01.16"]
[EventType "tourn"]
[EventRounds "9"]
[EventCountry "CZE"]
[Source "lmi"]
[SourceDate "2016.01.16"]

1. d4 Nf6 2. c4 g6 3. Nc3 Bg7 4. e4 d6 5. Be2 O-O 6. g4 Nc6 7. g5 Nd7 8. Be3 e5
9. dxe5 dxe5 10. h4 Nd4 11. h5 Nc5 12. b4 Nce6 13. Qd2 Nf4 14. h6 Bh8 15. Bxf4
exf4 16. O-O-O Qxg5 17. Nd5 Re8 18. Nxc7 Qe5 19. Qxd4 Qxc7 20. Qd6 Qb6 21. Qxb6
axb6 22. Nh3 Rxa2 23. Nxf4 Be5 24. Nd3 Rxe2 25. Nxe5 Rxe4 26. Nd7 Rxc4+ 27. Kb2
Bxd7 28. Rxd7 Rxb4+ 29. Kc3 Rf4 30. Rxb7 Rf3+ 31. Kb4 Rxf2 32. Kb3 Rf3+ 33. Kc4
Rf6 34. Kd5 Rf5+ 35. Kc4 b5+ 36. Kb4 Rf4+ 37. Kxb5 Re5+ 38. Kc6 Re6+ 39. Kd5
Rf5+ 40. Kd4 Re8 41. Rc7 Rd8+ 42. Ke4 Re8+ 43. Kd4 Rfe5 44. Rh2 R5e7 45. Rc5 f5
46. Rd5 Kf7 47. Rd6 Re2 0-1

[Event "Marienbad 2016 - MI - B2"]
[Site "Marianske Lazne CZE"]
[Date "2016.01.21"]
[Round "2.5"]
[White "Plat, Vojtech"]
[Black "Varitski, Igor"]
[Result "1-0"]
[WhiteElo "2473"]
[BlackElo "2212"]
[PlyCount "55"]
[EventDate "2016.01.16"]
[EventType "tourn"]
[EventRounds "9"]
[EventCountry "CZE"]
[Source "lmi"]
[SourceDate "2016.01.16"]

1. d4 e6 2. e4 d5 3. Nd2 dxe4 4. Nxe4 Nd7 5. Bd3 Ngf6 6. Nf3 Nxe4 7. Bxe4 Nf6
8. Bd3 c5 9. O-O cxd4 10. Nxd4 Be7 11. Re1 O-O 12. Bf4 a6 13. Be5 Bd6 14. Nxe6
Bxe6 15. Bxd6 Re8 16. Be5 Nd7 17. Bc3 Nf8 18. Qf3 Qc7 19. Be4 Re7 20. Rad1 Ng6
21. Bb4 Rd7 22. Rxd7 Qxd7 23. Bxb7 Rb8 24. Bc6 Qc7 25. Bc3 Bxa2 26. b3 Rc8 27.
Bd5 a5 28. Bxa5 1-0

[Event "Marienbad 2016 - MI - B2"]
[Site "Marianske Lazne CZE"]
[Date "2016.01.18"]
[Round "3.1"]
[White "Varitski, Igor"]
[Black "Vulfson, Vladimir"]
[Result "0-1"]
[WhiteElo "2212"]
[BlackElo "2421"]
[PlyCount "134"]
[EventDate "2016.01.16"]
[EventType "tourn"]
[EventRounds "9"]
[EventCountry "CZE"]
[Source "lmi"]
[SourceDate "2016.01.16"]

1. e4 c5 2. Nf3 d6 3. Bb5+ Bd7 4. Bxd7+ Qxd7 5. c4 Nc6 6. d4 cxd4 7. Nxd4 Nf6
8. Nc3 g6 9. f3 Bg7 10. Be3 O-O 11. O-O a6 12. Nd5 Nxd5 13. cxd5 Nxd4 14. Bxd4
Bxd4+ 15. Qxd4 Rac8 16. Rac1 Rc7 17. Qd2 Rfc8 18. h3 Qb5 19. Kh2 Qb6 20. Rxc7
Qxc7 21. Qb4 b5 22. Re1 Qc5 23. Qxc5 Rxc5 24. Re2 g5 25. h4 h6 26. Kg3 Kg7 27.
hxg5 hxg5 28. Kg4 Kg6 29. g3 Rc4 30. f4 gxf4 31. gxf4 Rd4 32. Kf3 f5 33. Rg2+
Kf6 34. exf5 Rxd5 35. Ke4 Rxf5 36. Rg8 Rc5 37. Rf8+ Kg7 38. Ra8 Rc4+ 39. Kf5
Ra4 40. a3 Kf7 41. Ra7 Ra5 42. Ke4 Kf6 43. Ra8 Ra4+ 44. Ke3 e6 45. Rf8+ Ke7 46.
Rc8 d5 47. Rc6 Kf6 48. Rc8 b4 49. axb4 Rxb4 50. Rf8+ Ke7 51. Ra8 Rb3+ 52. Kd4
Rf3 53. Ra7+ Kf6 54. Rxa6 Rxf4+ 55. Kc5 Rc4+ 56. Kb5 Rc1 57. b4 d4 58. Rd6 Ke5
59. Rd8 Ke4 60. Ka6 d3 61. b5 Ra1+ 62. Kb7 e5 63. b6 Ke3 64. Rd5 d2 65. Rxe5+
Kd4 66. Re7 Ra5 67. Kc6 Rc5+ 0-1

[Event "Marienbad 2016 - MI - B2"]
[Site "Marianske Lazne CZE"]
[Date "2016.01.18"]
[Round "3.2"]
[White "Gaehwiler, Gabriel"]
[Black "Plat, Vojtech"]
[Result "1/2-1/2"]
[WhiteElo "2297"]
[BlackElo "2473"]
[PlyCount "80"]
[EventDate "2016.01.16"]
[EventType "tourn"]
[EventRounds "9"]
[EventCountry "CZE"]
[Source "lmi"]
[SourceDate "2016.01.16"]

1. e4 d6 2. d4 Nf6 3. Nc3 e5 4. Nf3 Nbd7 5. g4 Nxg4 6. Rg1 Ngf6 7. Be3 c6 8.
Qe2 b5 9. O-O-O Qa5 10. dxe5 dxe5 11. Bh3 b4 12. Qc4 Qa6 13. Qb3 h6 14. Na4 Qa5
15. Be6 Nxe4 16. Bxd7+ Bxd7 17. Rxd7 Kxd7 18. Qxf7+ Kc8 19. Rd1 Nf6 20. Nh4 Qc7
21. Qe6+ Kb7 22. Ng6 Rg8 23. Qc4 Rc8 24. Nc5+ Bxc5 25. Qxc5 Ka8 26. Ne7 Ne4 27.
Qxb4 Rb8 28. Qxe4 Qxe7 29. Qxc6+ Rb7 30. a4 Rd8 31. Rxd8+ Qxd8 32. a5 Qd7 33.
Qc3 Rb5 34. b4 Rd5 35. Qc4 Kb8 36. Qa6 Rd1+ 37. Kb2 Qb7 38. Qc4 Rd5 39. Bc5 Rd8
40. Qe6 Qc7 1/2-1/2

[Event "Marienbad 2016 - MI - B2"]
[Site "Marianske Lazne CZE"]
[Date "2016.01.18"]
[Round "3.3"]
[White "Voloshin, Pavel"]
[Black "Burnett, Andrew"]
[Result "1/2-1/2"]
[WhiteElo "2132"]
[BlackElo "2210"]
[PlyCount "110"]
[EventDate "2016.01.16"]
[EventType "tourn"]
[EventRounds "9"]
[EventCountry "CZE"]
[Source "lmi"]
[SourceDate "2016.01.16"]

1. e4 c5 2. c3 d5 3. exd5 Qxd5 4. d4 Nc6 5. Nf3 Bf5 6. Be2 cxd4 7. cxd4 Bxb1 8.
Rxb1 e6 9. O-O Nf6 10. Qa4 Bd6 11. Bc4 Qf5 12. Bg5 O-O 13. Rbd1 a6 14. Bd3 Qa5
15. Qc4 Rac8 16. Bxf6 gxf6 17. Qb3 Nb4 18. Bb1 Qh5 19. Rfe1 Nd5 20. g3 f5 21.
Ne5 Bb4 22. Rf1 Rc7 23. a3 Bd6 24. Nc4 Be7 25. Ne3 Rd8 26. Nxd5 Rxd5 27. Qe3
Bg5 28. f4 Bf6 29. Ba2 Rc2 30. h4 Rd8 31. d5 Rxb2 32. Bc4 b5 33. Bb3 Re2 34.
Qf3 Qxf3 35. Rxf3 exd5 36. Rxd5 Rxd5 37. Bxd5 Bd4+ 38. Kf1 Re7 39. Rd3 Bc5 40.
Rc3 Rc7 41. Bb7 a5 42. Ba6 b4 43. axb4 axb4 44. Rc1 Kg7 45. Bd3 Kf6 46. Ra1 Bd6
47. Ra6 Ke6 48. Ra5 Rc3 49. Bxf5+ Kf6 50. Kg2 h6 51. Be4 b3 52. Rf5+ Ke7 53.
Rb5 Rc2+ 54. Kf3 Rc3+ 55. Kg2 Rc2+ 1/2-1/2

[Event "Marienbad 2016 - MI - B2"]
[Site "Marianske Lazne CZE"]
[Date "2016.01.18"]
[Round "3.4"]
[White "Gumularz, Szymon"]
[Black "Wozniak, Mariola"]
[Result "1/2-1/2"]
[WhiteElo "2258"]
[BlackElo "2180"]
[PlyCount "39"]
[EventDate "2016.01.16"]
[EventType "tourn"]
[EventRounds "9"]
[EventCountry "CZE"]
[Source "lmi"]
[SourceDate "2016.01.16"]

1. Nf3 Nf6 2. g3 d6 3. d4 Nbd7 4. Bg2 e5 5. c4 Be7 6. Nc3 O-O 7. O-O Re8 8. Qc2
c6 9. Rd1 Qc7 10. b3 b6 11. Ba3 Bb7 12. dxe5 Nxe5 13. Nd4 g6 14. h3 Rad8 15.
Rac1 Bf8 16. f4 Ned7 17. e4 a6 18. Nde2 b5 19. Kh2 Qb8 20. cxb5 1/2-1/2

[Event "Marienbad 2016 - MI - B2"]
[Site "Marianske Lazne CZE"]
[Date "2016.01.18"]
[Round "3.5"]
[White "Utiatskaja, Irina"]
[Black "Nowak, Kamil"]
[Result "1/2-1/2"]
[WhiteElo "2108"]
[BlackElo "2313"]
[PlyCount "28"]
[EventDate "2016.01.16"]
[EventType "tourn"]
[EventRounds "9"]
[EventCountry "CZE"]
[Source "lmi"]
[SourceDate "2016.01.16"]

1. e4 c5 2. Nf3 d6 3. d4 cxd4 4. Nxd4 Nf6 5. Nc3 Nc6 6. f3 e5 7. Nb3 Be6 8. Be3
Be7 9. Qd2 O-O 10. Rd1 a5 11. Bb5 Na7 12. Be2 Nc6 13. Bb5 Na7 14. Be2 Nc6
1/2-1/2

[Event "Marienbad 2016 - MI - B2"]
[Site "Marianske Lazne CZE"]
[Date "2016.01.19"]
[Round "4.1"]
[White "Vulfson, Vladimir"]
[Black "Nowak, Kamil"]
[Result "1/2-1/2"]
[WhiteElo "2421"]
[BlackElo "2313"]
[PlyCount "106"]
[EventDate "2016.01.16"]
[EventType "tourn"]
[EventRounds "9"]
[EventCountry "CZE"]
[Source "lmi"]
[SourceDate "2016.01.16"]

1. d4 d5 2. c4 c6 3. Nf3 Nf6 4. Nc3 a6 5. e3 b5 6. b3 Bg4 7. Be2 e6 8. O-O Nbd7
9. h3 Bh5 10. Bb2 Be7 11. Ne5 Bxe2 12. Nxe2 Nxe5 13. dxe5 Nd7 14. cxd5 cxd5 15.
Nf4 O-O 16. Qg4 g6 17. Rfd1 Nc5 18. Bd4 Rc8 19. Rac1 Qe8 20. Rc2 Nd7 21. Rdc1
Rxc2 22. Rxc2 Nb8 23. Rc7 Nc6 24. Nh5 Nxd4 25. exd4 Kh8 26. Nf6 Bxf6 27. exf6
h6 28. Qf4 Kh7 29. b4 Qd8 30. h4 Qa8 31. Qd6 Kg8 32. g3 Qd8 33. Qf4 Kh7 34. Kg2
g5 35. hxg5 Kg6 36. gxh6 Qxf6 37. Qxf6+ Kxf6 38. Ra7 Kg6 39. Rxa6 Kxh6 40. Ra5
Rb8 41. g4 Rb6 42. a3 Kg5 43. Kg3 Rc6 44. Rxb5 Rc3+ 45. f3 Rxa3 46. Rb8 Rd3 47.
b5 Rxd4 48. f4+ Kf6 49. b6 Rb4 50. Kf3 Rb3+ 51. Ke2 d4 52. Kd2 d3 53. Ke3 Kg6
1/2-1/2

[Event "Marienbad 2016 - MI - B2"]
[Site "Marianske Lazne CZE"]
[Date "2016.01.19"]
[Round "4.2"]
[White "Wozniak, Mariola"]
[Black "Utiatskaja, Irina"]
[Result "1/2-1/2"]
[WhiteElo "2180"]
[BlackElo "2108"]
[PlyCount "87"]
[EventDate "2016.01.16"]
[EventType "tourn"]
[EventRounds "9"]
[EventCountry "CZE"]
[Source "lmi"]
[SourceDate "2016.01.16"]

1. e4 c5 2. Nf3 d6 3. d4 cxd4 4. Nxd4 Nf6 5. Nc3 a6 6. Bg5 e6 7. f4 Be7 8. Qf3
h6 9. Bh4 Qc7 10. O-O-O Nbd7 11. Be2 O-O 12. Qg3 Nc5 13. Bf3 e5 14. Bxf6 Bxf6
15. Nd5 Qd8 16. Nxf6+ Qxf6 17. Ne2 b6 18. Rd2 Bb7 19. Rhd1 Nxe4 20. Bxe4 Bxe4
21. Rxd6 exf4 22. Nxf4 Qf5 23. Rxh6 Rac8 24. c3 Bb1 25. Nd3 Bxd3 26. Rxd3 Rfd8
27. Rxd8+ Rxd8 28. Rh8+ Kxh8 29. Qh4+ Kg8 30. Qxd8+ Kh7 31. Qd2 Qc5 32. Kc2 g6
33. Qf4 Qd5 34. Qf2 Qxa2 35. Qxb6 Qa4+ 36. Qb3 Qe4+ 37. Kc1 Kg7 38. Qd1 Qxg2
39. Qd4+ Kf8 40. Qd6+ Ke8 41. Qxa6 Qxh2 42. Qc8+ Ke7 43. b4 Qd6 44. Kc2 1/2-1/2

[Event "Marienbad 2016 - MI - B2"]
[Site "Marianske Lazne CZE"]
[Date "2016.01.19"]
[Round "4.3"]
[White "Burnett, Andrew"]
[Black "Gumularz, Szymon"]
[Result "0-1"]
[WhiteElo "2210"]
[BlackElo "2258"]
[PlyCount "94"]
[EventDate "2016.01.16"]
[EventType "tourn"]
[EventRounds "9"]
[EventCountry "CZE"]
[Source "lmi"]
[SourceDate "2016.01.16"]

1. e4 c5 2. Nf3 d6 3. d4 cxd4 4. Nxd4 Nf6 5. Nc3 Nc6 6. Bg5 e6 7. Bb5 Qb6 8.
O-O Be7 9. a4 O-O 10. Be3 Nxd4 11. Bxd4 Qc7 12. Be2 e5 13. Be3 Be6 14. Bg5 a6
15. Bxf6 Bxf6 16. Qd3 Rac8 17. Rfd1 Rfd8 18. g3 Qb6 19. Rab1 Qb4 20. Qd2 Qc5
21. Rbc1 h6 22. h4 Qb6 23. Rb1 Kh8 24. Nd5 Bxd5 25. exd5 e4 26. c4 Re8 27. a5
Qb3 28. Qe3 Qb4 29. Qa3 Qxa3 30. bxa3 Re7 31. Rb6 Be5 32. h5 f5 33. Rdb1 Rc5
34. Rxb7 Rxb7 35. Rxb7 Rxa5 36. Kg2 Bd4 37. Rf7 Bf6 38. Rd7 Be5 39. c5 Rxc5 40.
Bxa6 Kg8 41. Rd8+ Kf7 42. Bc8 Ke7 43. Rg8 Rc2 44. Kf1 Bd4 45. Ke1 Bxf2+ 46. Kf1
Bd4 47. Ke1 e3 0-1

[Event "Marienbad 2016 - MI - B2"]
[Site "Marianske Lazne CZE"]
[Date "2016.01.19"]
[Round "4.4"]
[White "Plat, Vojtech"]
[Black "Voloshin, Pavel"]
[Result "1-0"]
[WhiteElo "2473"]
[BlackElo "2132"]
[PlyCount "103"]
[EventDate "2016.01.16"]
[EventType "tourn"]
[EventRounds "9"]
[EventCountry "CZE"]
[Source "lmi"]
[SourceDate "2016.01.16"]

1. d4 Nf6 2. Nf3 d6 3. g3 g6 4. Bg2 Bg7 5. O-O O-O 6. c4 Nbd7 7. Nc3 e5 8. Qc2
c6 9. Rd1 Qc7 10. b3 exd4 11. Nxd4 Nc5 12. Bf4 Nh5 13. Be3 Ne6 14. Qd2 Rd8 15.
Rac1 Qa5 16. Bf3 Nf6 17. Nxe6 Bxe6 18. Bg5 Rd7 19. Qf4 Qe5 20. Qh4 h5 21. Bf4
Qc5 22. Nd5 cxd5 23. cxd5 Qb6 24. dxe6 fxe6 25. Bg5 Nh7 26. Qa4 Nf8 27. e4 Rf7
28. Be3 Qd8 29. Be2 a6 30. Rd3 Rd7 31. Qa3 Bf6 32. Rcd1 Be7 33. Qb2 Rc8 34. Bd4
b5 35. Qd2 Bg5 36. f4 Be7 37. f5 Bg5 38. Be3 Bxe3+ 39. Qxe3 exf5 40. exf5 Re7
41. Qd2 Qb6+ 42. Kg2 h4 43. Bf3 Qc5 44. Bd5+ Kg7 45. f6+ Kxf6 46. Qh6 h3+ 47.
Kh1 Rh7 48. Rf3+ Ke7 49. Qf4 Kd7 50. b4 Qc2 51. Be6+ Nxe6 52. Qxd6+ 1-0

[Event "Marienbad 2016 - MI - B2"]
[Site "Marianske Lazne CZE"]
[Date "2016.01.19"]
[Round "4.5"]
[White "Varitski, Igor"]
[Black "Gaehwiler, Gabriel"]
[Result "1/2-1/2"]
[WhiteElo "2212"]
[BlackElo "2297"]
[PlyCount "49"]
[EventDate "2016.01.16"]
[EventType "tourn"]
[EventRounds "9"]
[EventCountry "CZE"]
[Source "lmi"]
[SourceDate "2016.01.16"]

1. e4 c5 2. Nf3 d6 3. Bb5+ Nd7 4. c3 Ngf6 5. Qe2 a6 6. Ba4 b5 7. Bc2 e5 8. d4
Be7 9. O-O O-O 10. dxe5 Nxe5 11. Nxe5 dxe5 12. Rd1 Qb6 13. a4 Bg4 14. f3 Be6
15. Be3 Qc6 16. b3 Rfb8 17. Nd2 bxa4 18. Rxa4 Bxb3 19. Bxb3 Rxb3 20. Rxa6 Rxa6
21. Nxb3 Ra3 22. Qc4 Ra4 23. Qe2 Ra3 24. Qc4 Ra4 25. Qe2 1/2-1/2

[Event "Marienbad 2016 - MI - B2"]
[Site "Marianske Lazne CZE"]
[Date "2016.01.19"]
[Round "5.1"]
[White "Gaehwiler, Gabriel"]
[Black "Vulfson, Vladimir"]
[Result "0-1"]
[WhiteElo "2297"]
[BlackElo "2421"]
[PlyCount "166"]
[EventDate "2016.01.16"]
[EventType "tourn"]
[EventRounds "9"]
[EventCountry "CZE"]
[Source "lmi"]
[SourceDate "2016.01.16"]

1. d4 d5 2. c4 e6 3. Nf3 Nf6 4. g3 dxc4 5. Bg2 Nc6 6. Qa4 Bb4+ 7. Bd2 Nd5 8.
Bxb4 Ndxb4 9. Na3 Rb8 10. O-O O-O 11. Qb5 b6 12. Qxc4 Ba6 13. Nb5 Qd5 14. Qxd5
Nxd5 15. a4 Na5 16. Ne5 Rb7 17. Rac1 Nb3 18. Rcd1 c5 19. e4 Nb4 20. dxc5 bxc5
21. Rd7 Rxd7 22. Nxd7 Rd8 23. Rd1 Nd4 24. Nxc5 Bxb5 25. axb5 Ne2+ 26. Kf1 Rxd1+
27. Kxe2 Rc1 28. Na4 Nc2 29. b6 axb6 30. Nxb6 Nb4 31. Na4 e5 32. Kd2 Rc2+ 33.
Ke3 g5 34. Bf1 Rc1 35. Bb5 Kf8 36. b3 Ke7 37. Kd2 Rc2+ 38. Ke3 h5 39. Bc4 g4
40. Nb6 Rc1 41. Nc8+ Kd8 42. Nd6 f6 43. Nf5 Rh1 44. Bf7 Rxh2 45. Nh4 Nc2+ 46.
Ke2 Nd4+ 47. Ke3 Nf3 48. Nxf3 gxf3 49. Kxf3 Kc7 50. Bg6 Kb6 51. Bf7 Kc5 52. Ke3
Kb4 53. Bg8 Kc3 54. Bf7 h4 55. gxh4 Rxh4 56. Bd5 Rh3+ 57. f3 Rh2 58. Be6 Rd2
59. Bc4 Rd1 60. Ke2 Rc1 61. Ke3 Rb1 62. Be6 Re1+ 63. Kf2 Kd2 64. Bc4 Rh1 65.
Kg2 Rh7 66. Kf2 Rg7 67. Bd5 Kd3 68. Bc4+ Kd4 69. Be6 Re7 70. Bc4 Ra7 71. Kg3
Ra2 72. Be6 Ke3 73. Bd7 Rf2 74. Bg4 Rf1 75. Bh5 Rg1+ 76. Kh2 Kf2 77. Kh3 Rb1
78. Kg4 Rxb3 79. f4 Rf3 80. fxe5 fxe5 81. Kg5 Rf4 82. Bg6 Ke3 83. Bf5 Kd4 0-1

[Event "Marienbad 2016 - MI - B2"]
[Site "Marianske Lazne CZE"]
[Date "2016.01.19"]
[Round "5.2"]
[White "Voloshin, Pavel"]
[Black "Varitski, Igor"]
[Result "1/2-1/2"]
[WhiteElo "2132"]
[BlackElo "2212"]
[PlyCount "94"]
[EventDate "2016.01.16"]
[EventType "tourn"]
[EventRounds "9"]
[EventCountry "CZE"]
[Source "lmi"]
[SourceDate "2016.01.16"]

1. e4 c6 2. d4 d5 3. Nd2 dxe4 4. Nxe4 Bf5 5. Ng3 Bg6 6. h4 h6 7. Nf3 Nd7 8. h5
Bh7 9. Bd3 Bxd3 10. Qxd3 e6 11. Bd2 Ngf6 12. O-O-O Be7 13. Kb1 Qb6 14. c4 Rd8
15. Qe2 Qa6 16. Ne5 O-O 17. Ng6 Rfe8 18. Nxe7+ Rxe7 19. Nf5 Ree8 20. Nd6 Re7
21. g4 Nf8 22. g5 hxg5 23. Bxg5 N8h7 24. Bxf6 Nxf6 25. Qe5 Ng4 26. Qg5 f6 27.
Qxg4 Rxd6 28. Qf4 e5 29. dxe5 Rxd1+ 30. Rxd1 Rxe5 31. h6 Qa5 32. Qg4 Rg5 33.
Qe6+ Kh7 34. hxg7 Kxg7 35. Qe7+ Kg6 36. Qe8+ Kh6 37. Rh1+ Rh5 38. Qh8+ Kg6 39.
Qg8+ Kh6 40. Qh8+ Kg6 41. Qg8+ Kh6 42. Rg1 Qf5+ 43. Ka1 Rg5 44. Rh1+ Rh5 45.
Qh8+ Kg6 46. Qe8+ Kh6 47. Rg1 Rg5 1/2-1/2

[Event "Marienbad 2016 - MI - B2"]
[Site "Marianske Lazne CZE"]
[Date "2016.01.19"]
[Round "5.3"]
[White "Gumularz, Szymon"]
[Black "Plat, Vojtech"]
[Result "0-1"]
[WhiteElo "2258"]
[BlackElo "2473"]
[PlyCount "120"]
[EventDate "2016.01.16"]
[EventType "tourn"]
[EventRounds "9"]
[EventCountry "CZE"]
[Source "lmi"]
[SourceDate "2016.01.16"]

1. d4 b6 2. c4 e6 3. Nf3 Bb7 4. g3 f5 5. Bg2 Nf6 6. O-O Be7 7. d5 O-O 8. Nc3
Qc8 9. e4 fxe4 10. Ng5 exd5 11. Nxd5 Nxd5 12. cxd5 Bxg5 13. Bxg5 Qe8 14. Bf4 d6
15. Re1 Qf7 16. Rc1 Na6 17. Bxe4 Rae8 18. Qd4 Nc5 19. Bg2 a5 20. h4 Ba6 21. Bh3
Bc8 22. Bxc8 Rxc8 23. Re2 Rce8 24. Rce1 Rxe2 25. Rxe2 Re8 26. Rxe8+ Qxe8 27.
Bd2 Qf7 28. Bc3 Nd7 29. Qc4 Nf8 30. Qg4 h5 31. Qg5 Kh7 32. Kg2 Nd7 33. f3 a4
34. Qd2 Qf5 35. a3 b5 36. Ba5 Ne5 37. Qc3 Nc4 38. Bxc7 Qxd5 39. Bd8 Qd1 40. Bg5
Qe2+ 41. Kh3 Ne5 42. Qd2 Qxf3 43. Qc2+ Qd3 44. Qc1 Ng4 45. Qf4 Qc2 46. Qd2 Qe4
47. Qg2 Qf5 48. Qe2 d5 49. Kg2 d4 50. Bf4 Nf6 51. Qd2 Qe4+ 52. Kg1 d3 53. Bg5
Ng4 54. Bf4 Qf3 55. Qe1 Qd5 56. Qd2 Nf6 57. Qd1 Qd4+ 58. Kf1 Kg6 59. Qd2 Ne4
60. Qe3 Qxe3 0-1

[Event "Marienbad 2016 - MI - B2"]
[Site "Marianske Lazne CZE"]
[Date "2016.01.19"]
[Round "5.4"]
[White "Utiatskaja, Irina"]
[Black "Burnett, Andrew"]
[Result "1-0"]
[WhiteElo "2108"]
[BlackElo "2210"]
[PlyCount "63"]
[EventDate "2016.01.16"]
[EventType "tourn"]
[EventRounds "9"]
[EventCountry "CZE"]
[Source "lmi"]
[SourceDate "2016.01.16"]

1. e4 c5 2. Nf3 e6 3. d4 cxd4 4. Nxd4 a6 5. Nc3 Qc7 6. Qf3 d6 7. Be3 Nf6 8. Qg3
Nc6 9. Nxc6 Qxc6 10. Bd3 b5 11. a3 h5 12. f3 Rb8 13. h4 b4 14. axb4 Rxb4 15.
Ra2 Rxb2 16. Kd2 Rxa2 17. Nxa2 d5 18. Rb1 dxe4 19. fxe4 Ng4 20. Bd4 Bd6 21. Nb4
Qc7 22. e5 Bc5 23. Qf4 O-O 24. c3 g6 25. Be2 Rd8 26. Bxg4 Bxd4 27. cxd4 Qb6 28.
Ke3 hxg4 29. Rb2 a5 30. Nd3 Qc6 31. h5 Qc3 32. Rf2 1-0

[Event "Marienbad 2016 - MI - B2"]
[Site "Marianske Lazne CZE"]
[Date "2016.01.19"]
[Round "5.5"]
[White "Nowak, Kamil"]
[Black "Wozniak, Mariola"]
[Result "1/2-1/2"]
[WhiteElo "2313"]
[BlackElo "2180"]
[PlyCount "60"]
[EventDate "2016.01.16"]
[EventType "tourn"]
[EventRounds "9"]
[EventCountry "CZE"]
[Source "lmi"]
[SourceDate "2016.01.16"]

1. e4 c5 2. Nf3 d6 3. d4 cxd4 4. Nxd4 Nf6 5. Nc3 a6 6. Bc4 e6 7. Bb3 Be7 8. Bg5
O-O 9. Qf3 Qc7 10. O-O-O Nbd7 11. Qg3 Nc5 12. Bh6 Ne8 13. Rhe1 b5 14. a3 Rb8
15. Kb1 b4 16. axb4 Rxb4 17. f4 Nxb3 18. Nxb3 a5 19. Rd4 Rxd4 20. Nxd4 Qc5 21.
Nf3 Kh8 22. Bg5 Bxg5 23. Nxg5 e5 24. Qh4 h6 25. Nd5 exf4 26. Qh5 Be6 27. Nxe6
fxe6 28. Nxf4 Qxh5 29. Nxh5 Rf2 30. e5 d5 1/2-1/2

[Event "Marienbad 2016 - MI - B2"]
[Site "Marianske Lazne CZE"]
[Date "2016.01.20"]
[Round "6.1"]
[White "Vulfson, Vladimir"]
[Black "Wozniak, Mariola"]
[Result "1/2-1/2"]
[WhiteElo "2421"]
[BlackElo "2180"]
[PlyCount "80"]
[EventDate "2016.01.16"]
[EventType "tourn"]
[EventRounds "9"]
[EventCountry "CZE"]
[Source "lmi"]
[SourceDate "2016.01.16"]

1. d4 f5 2. g3 g6 3. Bg2 Nf6 4. Nf3 Bg7 5. O-O O-O 6. c4 d6 7. Nc3 Nc6 8. d5
Na5 9. Qd3 e5 10. dxe6 Bxe6 11. b3 Nc6 12. Ng5 Bd7 13. Bb2 h6 14. Nh3 Qe8 15.
Nd5 Rc8 16. Nxf6+ Bxf6 17. Bxf6 Rxf6 18. f4 Kh7 19. Rae1 Re6 20. Nf2 Qh8 21. e3
Rce8 22. Re2 Nd4 23. Rd2 Nc6 24. e4 R6e7 25. a3 Qf6 26. b4 b6 27. c5 dxc5 28.
e5 Nxe5 29. fxe5 Qxe5 30. Qa6 cxb4 31. Rxd7 Rxd7 32. Bc6 Red8 33. Bxd7 Rxd7 34.
axb4 Rd2 35. Qa1 Qd6 36. Qxa7 f4 37. g4 Rxf2 38. Rxf2 Qd1+ 39. Rf1 Qd4+ 40. Kg2
Qe4+ 1/2-1/2

[Event "Marienbad 2016 - MI - B2"]
[Site "Marianske Lazne CZE"]
[Date "2016.01.20"]
[Round "6.2"]
[White "Burnett, Andrew"]
[Black "Nowak, Kamil"]
[Result "0-1"]
[WhiteElo "2210"]
[BlackElo "2313"]
[PlyCount "72"]
[EventDate "2016.01.16"]
[EventType "tourn"]
[EventRounds "9"]
[EventCountry "CZE"]
[Source "lmi"]
[SourceDate "2016.01.16"]

1. d4 d5 2. c4 c6 3. Nf3 Nf6 4. Nc3 e6 5. e3 Nbd7 6. Qc2 Bd6 7. Bd3 O-O 8. O-O
dxc4 9. Bxc4 b5 10. Be2 Bb7 11. e4 e5 12. dxe5 Nxe5 13. Nd4 Bc5 14. Nf5 Qb6 15.
h3 Rfe8 16. a3 a5 17. Bg5 Re6 18. Rac1 Rae8 19. Kh1 Ned7 20. Bd3 Ne5 21. Be2
Ned7 22. f4 Nxe4 23. Nxe4 Rxe4 24. Bd3 R4e6 25. Nxg7 Kxg7 26. f5 Rd6 27. f6+
Nxf6 28. Bxh7 Bd4 29. Bf5 c5 30. Qd1 Qc6 31. Bxf6+ Rxf6 32. Qg4+ Kf8 33. b4
axb4 34. axb4 Re5 35. Bd7 Rxf1+ 36. Rxf1 Qe4 0-1

[Event "Marienbad 2016 - MI - B2"]
[Site "Marianske Lazne CZE"]
[Date "2016.01.20"]
[Round "6.3"]
[White "Plat, Vojtech"]
[Black "Utiatskaja, Irina"]
[Result "1-0"]
[WhiteElo "2473"]
[BlackElo "2108"]
[PlyCount "113"]
[EventDate "2016.01.16"]
[EventType "tourn"]
[EventRounds "9"]
[EventCountry "CZE"]
[Source "lmi"]
[SourceDate "2016.01.16"]

1. c4 Nf6 2. Nc3 g6 3. Nf3 Bg7 4. g3 d6 5. d4 O-O 6. Bg2 Nc6 7. O-O Bf5 8. d5
Na5 9. Nd4 Bd7 10. Qd3 c5 11. dxc6 Nxc6 12. Nxc6 Bxc6 13. e4 a6 14. Re1 Ng4 15.
Qe2 Bd7 16. Nd5 e6 17. Nc3 Ne5 18. f4 Nc6 19. Be3 Na5 20. c5 Bxc3 21. bxc3 Bb5
22. Qf2 Nc4 23. Rad1 Nxe3 24. Qxe3 d5 25. exd5 exd5 26. Rxd5 Qc7 27. Re5 Rac8
28. Bh3 Rce8 29. Re7 Rxe7 30. Qxe7 Qa5 31. Qf6 Bc6 32. Qd4 Qxa2 33. c4 Qa3 34.
Bg2 Bxg2 35. Kxg2 Rc8 36. Re7 Qa2+ 37. Kh3 Qb1 38. g4 h5 39. gxh5 Qf5+ 40. Kg3
Qxh5 41. Re5 Qh6 42. Qe4 Rd8 43. Rd5 Qf8 44. Rxd8 Qxd8 45. Qxb7 Qd3+ 46. Kh4
Qxc4 47. Qb8+ Kg7 48. Qe5+ f6 49. Qe7+ Kh6 50. Qxf6 Kh7 51. Qe7+ Kh6 52. Qe5
Kh7 53. Kg5 Qd3 54. Qe7+ Kg8 55. Qe6+ Kh7 56. Qf7+ Kh8 57. Qf8+ 1-0

[Event "Marienbad 2016 - MI - B2"]
[Site "Marianske Lazne CZE"]
[Date "2016.01.20"]
[Round "6.4"]
[White "Varitski, Igor"]
[Black "Gumularz, Szymon"]
[Result "0-1"]
[WhiteElo "2212"]
[BlackElo "2258"]
[PlyCount "58"]
[EventDate "2016.01.16"]
[EventType "tourn"]
[EventRounds "9"]
[EventCountry "CZE"]
[Source "lmi"]
[SourceDate "2016.01.16"]

1. e4 c5 2. c3 Nf6 3. e5 Nd5 4. Nf3 d6 5. d4 cxd4 6. cxd4 Nc6 7. Bc4 dxe5 8.
dxe5 Ndb4 9. Qb3 e6 10. O-O Na5 11. Bb5+ Bd7 12. Qa4 Bxb5 13. Qxb5+ Nac6 14.
Nc3 a6 15. Qc4 Qd3 16. Qf4 Qg6 17. Rd1 Be7 18. a3 Nd3 19. Qe3 Nc5 20. b4 Nb3
21. Nd5 Qc2 22. Nc7+ Kf8 23. Qd3 Qxd3 24. Rxd3 Rd8 25. Rxd8+ Bxd8 26. Rb1 Nxc1
27. Nxa6 Ne2+ 28. Kf1 bxa6 29. Kxe2 Ke7 0-1

[Event "Marienbad 2016 - MI - B2"]
[Site "Marianske Lazne CZE"]
[Date "2016.01.20"]
[Round "6.5"]
[White "Gaehwiler, Gabriel"]
[Black "Voloshin, Pavel"]
[Result "1-0"]
[WhiteElo "2297"]
[BlackElo "2132"]
[PlyCount "113"]
[EventDate "2016.01.16"]
[EventType "tourn"]
[EventRounds "9"]
[EventCountry "CZE"]
[Source "lmi"]
[SourceDate "2016.01.16"]

1. e4 e6 2. Nf3 d5 3. e5 c5 4. b4 cxb4 5. a3 Qa5 6. Bd3 Nc6 7. O-O Be7 8. Bb2
Qb6 9. axb4 Nxb4 10. Be2 Nh6 11. Bd4 Qc7 12. Na3 O-O 13. Be3 Nf5 14. Bf4 Nc6
15. Bd3 Nb4 16. Be2 Nc6 17. d4 Bd7 18. Nb5 Qd8 19. g4 Nh4 20. Nxh4 Bxh4 21. Nd6
Be7 22. c3 b6 23. Bd3 Na5 24. Kh1 Bxd6 25. exd6 Nc4 26. Qc2 Qh4 27. Rg1 g6 28.
Qc1 f6 29. Qf1 Bc6 30. f3 g5 31. Bg3 Qh6 32. Qe2 Rfe8 33. Rgf1 a5 34. f4 Ra7
35. fxg5 fxg5 36. Rf2 a4 37. Raf1 a3 38. Rf6 Qxf6 39. Rxf6 a2 40. Rf1 a1=Q 41.
Rxa1 Rxa1+ 42. Kg2 Ra7 43. h4 gxh4 44. Bxh4 Nxd6 45. Qe5 Ne4 46. Bxe4 dxe4 47.
Bf6 Bd5 48. Qg5+ Kf8 49. Qh6+ Kg8 50. c4 Bxc4 51. Qg5+ Kf8 52. Qh6+ Kg8 53. Be5
Rf8 54. Qg5+ Kf7 55. Qg7+ Ke8 56. Qxa7 e3 57. Qb8+ 1-0